[Event "SEMI Zilbermints Benoni-B email"]
[Site "SEMI email"]
[Date "2002.07.01"]
[Round "?"]
[White "Gomes, Jose Claudimir"]
[Black "Fuertes, Cesar Edgardo"]
[Result "0-1"]
[WhiteElo "2000"]
[BlackElo "1994"]
[PlyCount "22"]
[EventDate "2002.07.01"]
[EventType "tourn (corr)"]
[EventRounds "6"]
[EventCountry "ITA"]
[SourceTitle "Corr 2008"]
[Source "ChessBase"]
[SourceDate "2008.06.24"]
[SourceVersion "1"]
[SourceVersionDate "2008.06.24"]
[SourceQuality "1"]

1. d4 c5 2. Nf3 cxd4 3. b4 Nc6 4. Bd2 a6 5. g3 e5 6. a3 d5 7. Bg2 Nf6 8. 0-0 Bd6 9. c3 0-0 10. cxd4 e4 11. Ne1 Nxd4 0-1

[Event "SEMI Zilbermints Benoni-B email"]
[Site "SEMI email"]
[Date "2002.07.01"]
[Round "?"]
[White "Gomes, Jose Claudimir"]
[Black "Sardi, Anibal"]
[Result "0-1"]
[WhiteElo "2000"]
[BlackElo "1500"]
[PlyCount "20"]
[EventDate "2002.07.01"]
[EventType "tourn (corr)"]
[EventRounds "6"]
[EventCountry "ITA"]
[SourceTitle "Corr 2008"]
[Source "ChessBase"]
[SourceDate "2008.06.24"]
[SourceVersion "1"]
[SourceVersionDate "2008.06.24"]
[SourceQuality "1"]

1. d4 c5 2. Nf3 cxd4 3. b4 e5 4. Nxe5 Nc6 5. Nxc6 dxc6 6. a3 a5 7. bxa5 Qxa5+ 8. Bd2 Qb6 9. Qc1 Bc5 10. g3 Nf6 0-1

[Event "SEMI Carokann-Two Knights email"]
[Site "SEMI email"]
[Date "2002.06.20"]
[Round "?"]
[White "Gomes, Jose Claudimir"]
[Black "Migliorini, Roberto"]
[Result "0-1"]
[WhiteElo "2000"]
[BlackElo "2020"]
[PlyCount "36"]
[EventDate "2002.06.20"]
[EventType "tourn (corr)"]
[EventRounds "8"]
[EventCountry "ITA"]
[SourceTitle "Telechess CBM 097"]
[Source "ChessBase"]
[SourceDate "2003.11.11"]
[SourceVersion "1"]
[SourceVersionDate "2003.11.11"]
[SourceQuality "1"]

1. e4 c6 2. Nc3 d5 3. Nf3 Bg4 4. h3 Bxf3 5. gxf3 e6 6. d4 Nd7 7. e5 Qb6 8. Be2 c5 9. Na4 Qa5+ 10. c3 cxd4 11. b4 Qc7 12. Qxd4 Nxe5 13. Bf4 Bd6 14. Bg3 Ne7 15. Bb5+ Kd8 16. Be2 Nf5 17. Qd2 h6 18. Rg1 Rc8 0-1

[Event "SEMI Modern Defence-B email"]
[Site "SEMI email"]
[Date "2002.05.27"]
[Round "?"]
[White "Gomes, Jose Claudimir"]
[Black "Hilton, Stephen H"]
[Result "1-0"]
[WhiteElo "2000"]
[BlackElo "1835"]
[PlyCount "65"]
[EventDate "2002.05.27"]
[EventType "tourn (corr)"]
[EventRounds "6"]
[EventCountry "ITA"]
[SourceTitle "Telechess CBM 097"]
[Source "ChessBase"]
[SourceDate "2003.11.11"]
[SourceVersion "1"]
[SourceVersionDate "2003.11.11"]
[SourceQuality "1"]

1. e4 g6 2. d4 Nf6 3. e5 Nh5 4. Be2 Ng7 5. Nc3 d5 6. Nf3 Bg4 7. Bh6 Ne6 8. Be3 Bg7 9. Qd2 h6 10. a3 c6 11. h3 Bxf3 12. Bxf3 Nd7 13. 0-0-0 Qc7 14. Bg4 Ndf8 15. f4 h5 16. Be2 Qa5 17. Ne4 Qxd2+ 18. Nxd2 Bh6 19. g4 Bxf4 20. Bxf4 Nxf4 21. Bf3 Nd7 22. Nb3 0-0-0 23. gxh5 Nxh5 24. Bg4 Nf4 25. Rdf1 g5 26. h4 Kc7 27. hxg5 Rxh1 28. Rxh1 Nf8 29. Rf1 N8g6 30. Bf5 Rf8 31. Nc5 e6 32. Bxg6 fxg6 33. Kd2 1-0

[Event "SEMI Modern Defence-B email"]
[Site "SEMI email"]
[Date "2002.05.27"]
[Round "?"]
[White "Gomes, Jose Claudimir"]
[Black "Jensen, John Oland"]
[Result "0-1"]
[WhiteElo "2000"]
[BlackElo "2000"]
[PlyCount "30"]
[EventDate "2002.05.27"]
[EventType "tourn (corr)"]
[EventRounds "6"]
[EventCountry "ITA"]
[SourceTitle "Telechess CBM 097"]
[Source "ChessBase"]
[SourceDate "2003.11.11"]
[SourceVersion "1"]
[SourceVersionDate "2003.11.11"]
[SourceQuality "1"]

1. e4 g6 2. d4 Nf6 3. e5 Nh5 4. Be2 Ng7 5. Nc3 d5 6. Nf3 Bg4 7. Be3 Nf5 8. Qd2 e6 9. 0-0-0 Be7 10. h3 Bxf3 11. Bxf3 c5 12. g4 cxd4 13. Bxd4 Nxd4 14. Qxd4 Nc6 15. Qe3 Bg5 0-1